Welcome to CU Library Online Public Access Catalogue (OPAC)

EFFECTIVE ENGLISH COMMUNICATION (Record no. 1923)

MARC details
000 -LEADER
fixed length control field 00477nam a22001817a 4500
003 - CONTROL NUMBER IDENTIFIER
control field OSt
005 - DATE AND TIME OF LATEST TRANSACTION
control field 20241209123148.0
008 - FIXED-LENGTH DATA ELEMENTS--GENERAL INFORMATION
fixed length control field 241203b |||||||| |||| 00| 0 eng d
020 ## - INTERNATIONAL STANDARD BOOK NUMBER
International Standard Book Number 9780074637517
040 ## -
-- TATA MCGRAW-HILL
050 ## - LIBRARY OF CONGRESS CALL NUMBER
Classification number PE1408
Item number MOH
245 ## - TITLE STATEMENT
Title EFFECTIVE ENGLISH COMMUNICATION
260 ## - PUBLICATION, DISTRIBUTION, ETC.
Place of publication, distribution, etc. NEW DELHI
Name of publisher, distributor, etc. TATA MCGRAW-HILL PUBLISHING COMPANY LTD
Date of publication, distribution, etc. c2000
300 ## - PHYSICAL DESCRIPTION
Extent 326p
700 ## - ADDED ENTRY--PERSONAL NAME
Personal name MOHAN, KRISHNA
700 ## - ADDED ENTRY--PERSONAL NAME
Personal name RAMAN, MEENAKSHI
942 ## - ADDED ENTRY ELEMENTS (KOHA)
Source of classification or shelving scheme Library of Congress Classification
Koha item type Books
Suppress in OPAC No
999 ## -
-- 1923
-- 1923
Holdings
Withdrawn status Lost status Source of classification or shelving scheme Damaged status Not for loan Collection Home library Current library Shelving location Date acquired Total checkouts Full call number Barcode Date last seen Copy number Price effective from Koha item type
    Library of Congress Classification     Non-fiction Undergraduate Library (Christ Temple) Undergraduate Library (Christ Temple) General stacks 12/03/2024   PE1408 MOH ulct00000489 12/03/2024 1 12/03/2024 Books
    Library of Congress Classification     Non-fiction Undergraduate Library (Christ Temple) Undergraduate Library (Christ Temple) General stacks 12/10/2024   PE1408 MOH ulct00000582 12/10/2024 2 12/10/2024 Books
© 2023-2024 Copyright: Central University Libraries. All Rights Reserved | Created by: Mahone Tech Office